The moral economy of the peasant : (Record no. 986)
[ view plain ]
| 000 -LEADER | |
|---|---|
| fixed length control field | 00612cam a2200193 4500 |
| 001 - CONTROL NUMBER | |
| control field | 1354 |
| 005 - DATE AND TIME OF LATEST TRANSACTION | |
| control field | 20260305082557.0 |
| 008 - FIXED-LENGTH DATA ELEMENTS--GENERAL INFORMATION | |
| fixed length control field | 260305b |||||||| |||| 00| 0 eng d |
| 010 ## - LIBRARY OF CONGRESS CONTROL NUMBER | |
| LC control number | 75043334 |
| 020 ## - INTERNATIONAL STANDARD BOOK NUMBER | |
| International Standard Book Number | 0300018622 |
| 043 ## - GEOGRAPHIC AREA CODE | |
| Geographic area code | as----- |
| 100 1# - MAIN ENTRY--PERSONAL NAME | |
| Personal name | Scott, James C. |
| 245 14 - TITLE STATEMENT | |
| Title | The moral economy of the peasant : |
| Remainder of title | rebellion and subsistence in Southeast Asia / |
| Statement of responsibility, etc. | James C. Scott. |
| 260 ## - PUBLICATION, DISTRIBUTION, ETC. | |
| Place of publication, distribution, etc. | New Haven : |
| Name of publisher, distributor, etc. | Yale University Press, |
| Date of publication, distribution, etc. | 1976. |
| 300 ## - PHYSICAL DESCRIPTION | |
| Extent | ix, 246 p. : |
| Other physical details | ill. ; |
| Dimensions | 24 cm. |
| 504 ## - BIBLIOGRAPHY, ETC. NOTE | |
| Bibliography, etc. note | Includes bibliographical references and index. |
| 650 #0 - SUBJECT ADDED ENTRY--TOPICAL TERM | |
| Topical term or geographic name entry element | Peasants |
| Geographic subdivision | Southeast Asia. |
| 942 ## - ADDED ENTRY ELEMENTS (KOHA) | |
| Source of classification or shelving scheme | Dewey Decimal Classification |
| Koha item type | Main |
| Withdrawn status | Lost status | Source of classification or shelving scheme | Damaged status | Not for loan | Collection code | Home library | Current library | Shelving location | Date acquired | Serial Enumeration / chronology | Inventory number | Total Checkouts | Full call number | Barcode | Date last seen | Price effective from | Koha item type |
|---|---|---|---|---|---|---|---|---|---|---|---|---|---|---|---|---|---|
| Missing | Dewey Decimal Classification | Main TEST | RTC Library | RTC Library | Main opac | 06/02/2024 | 830 | 305.56 SCO | 30005188 | 27/11/2018 | 27/11/2018 | Main | |||||
| Dewey Decimal Classification | RTC Library | RTC Library | Main opac | 02/06/2025 | 19351 | 305.56 SCO | 30020569 | 02/06/2025 | 02/06/2025 |